| 000 | 00477cam a2200145 4500500 | ||
|---|---|---|---|
| 005 | 20251228045045.0 | ||
| 041 | _afre | ||
| 042 | _adc | ||
| 100 | 1 | 0 |
_aVignes, Jean _eauthor |
| 245 | 0 | 0 | _aL’illectronisme, un handicap moderne |
| 260 | _c2025. | ||
| 500 | _a92 | ||
| 786 | 0 | _nPratiques, les cahiers de la médecine utopique | 109 | 2 | 2025-11-21 | p. 18-19 | 0337-6400 | |
| 856 | 4 | 1 | _uhttps://stm.cairn.info/revue-pratiques-2025-2-page-18?lang=fr&redirect-ssocas=7080 |
| 999 |
_c1578276 _d1578276 |
||